MARC details
| 000 -LEADER |
| campo de control de longitud fija |
01460nam a22003015i 4500 |
| 001 - NÚMERO DE CONTROL |
| campo de control |
156478 |
| 003 - IDENTIFICADOR DE NÚMERO DE CONTROL |
| campo de control |
ES-MaACL |
| 005 - FECHA Y HORA DE LA ÚLTIMA TRANSACCIÓN |
| campo de control |
20250814220414.0 |
| 008 - DATOS DE LONGITUD FIJA--INFORMACIÓN GENERAL |
| campo de control de longitud fija |
150120s2004 sp |||| | spa d |
| 020 ## - NÚMERO INTERNACIONAL ESTÁNDAR DEL LIBRO |
| Número Internacional Estándar del Libro |
84-933594-2-4 |
| 080 ## - NÚMERO DE LA CLASIFICACIÓN DECIMAL UNIVERSAL |
| Número de la Clasificación Decimal Universal |
625.7(460.181)(091)(063) |
| 080 ## - NÚMERO DE LA CLASIFICACIÓN DECIMAL UNIVERSAL |
| Número de la Clasificación Decimal Universal |
625.7(460.184)(091)(063) |
| 111 2# - ENTRADA PRINCIPAL--NOMBRE DE CONGRESO/REUNIÓN |
| Nombre de congreso/reunión o jurisdicción como elemento de entrada |
Jornadas de Estudios Históricos ( |
| Número del congreso/reunión o número de parte o sección |
2ª. |
| Fecha del congreso o de la firma del tratado |
2003. |
| Sede del congreso/Lugar de la reunión |
Benavente) |
| 9 (RLIN) |
156142 |
| 245 14 - MENCIÓN DEL TÍTULO |
| Título |
Las vías de comunicación en el noroeste ibérico |
| Resto del título |
: Benavente encrucijada de caminos / |
| Mención de responsabilidad, etc. |
II Jornadas de Estudios Históricos, Benavente, 3, 4, 5, 6 y 7 de noviembre de 2003 ; Rafael González Rodríguez (coordinador). |
| 260 ## - PUBLICACIÓN, DISTRIBUCIÓN, ETC. |
| Lugar de publicación, distribución, etc. |
Benavente : |
| Nombre del editor, distribuidor, etc. |
Centro de Estudios Benaventanos "Ledo del Pozo", |
| Fecha de publicación, distribución, etc. |
2004. |
| 300 ## - DESCRIPCIÓN FÍSICA |
| Extensión |
264 p. : |
| Otras características físicas |
il., mapas ; |
| Dimensiones |
25 cm. |
| 490 1# - MENCIÓN DE SERIE |
| Mención de serie |
Actas y congresos ; |
| Designación de volumen o secuencia |
3 |
| 504 ## - NOTA DE BIBLIOGRAFÍA, ETC. |
| Nota de bibliografía, etc. |
Incluye referencias bibliográficas. |
| 650 #4 - PUNTO DE ACCESO ADICIONAL DE MATERIA--TÉRMINO DE MATERIA |
| Término de materia o nombre geográfico como elemento de entrada |
Red viaria- |
| Subdivisión geográfica |
Zamora (Provincia)- |
| Subdivisión de forma |
Historia- |
| -- |
Congresos y asambleas. |
| 9 (RLIN) |
156143 |
| 650 #4 - PUNTO DE ACCESO ADICIONAL DE MATERIA--TÉRMINO DE MATERIA |
| Término de materia o nombre geográfico como elemento de entrada |
Red viaria- |
| Subdivisión geográfica |
León (Provincia)- |
| Subdivisión de forma |
Historia- |
| -- |
Congresos y asambleas. |
| 9 (RLIN) |
156144 |
| 700 1# - ENTRADA AGREGADA--NOMBRE PERSONAL |
| Nombre de persona |
González Rodríguez, Rafael, |
| Fechas asociadas al nombre |
1964- |
| 9 (RLIN) |
156145 |
| 710 2# - ENTRADA AGREGADA--NOMBRE DE ENTIDAD CORPORATIVA |
| Nombre de entidad corporativa o nombre de jurisdicción como elemento de entrada |
Centro de Estudios Benaventanos "Ledo del Pozo" |
| 9 (RLIN) |
144530 |
| 830 0# - PUNTO DE ACCESO ADICIONAL DE SERIE-TÍTULO UNIFORME |
| Título uniforme |
Actas y congresos ; |
| Designación de volumen o secuencia |
3 |
| 9 (RLIN) |
188073 |
| 852 ## - LOCALIZACIÓN |
| Ubicación |
ES-MaACL |
| Número de control de estantería |
A-13320 |
| itemnumber |
162240 |
| Sublocalización o colección |
R.150319 |
| Ubicación en estantería |
Depósito 1 |
| Signatura antigua |
Olim: N-6320 |
| Donativo/Legado |
Donación: Centro de Estudios Benaventanos |
| 914 ## - NOMBRE ENTIDAD DE DONANTE |
| RLIN |
144530 |
| Nombre de congreso/reunión o jurisdicción como elemento de entrada |
Centro de Estudios Benaventanos "Ledo del Pozo" |
| 942 ## - ELEMENTOS DE ENTRADA SECUNDARIOS (KOHA) |
| Fuente del sistema de clasificación o colocación |
Clasificación decimal universal |
| Tipo de ítem Koha |
Libro impreso |